000 01026nam a2200277 a 4500
005 20170808094449.0
008 140905b xxu||||| |||| 00| 0 spa d
040 _aCOBoIH
_cCOBoIH
041 _aspa
090 _aIAvH
_b00025
110 _bInstituto de Investigación de Recursos Biológicos Alexander von Humboldt, Grupo de Exploración y Monitoreo Ambiental
245 _aExploración ecológica a los fragmentos de bosque seco en el valle del río Magdalena (norte del departamento del Tolima)
260 _aBogotá
_bInstituto Alexander von Humboldt
_bICN
_c1995
300 _a83 páginas
650 _aFragmentación de bosques
650 _aBosque seco tropical
650 _aCaracterización ecológica
650 _aMétodos de campo
650 _aVegetación
650 _aEntomofauna
650 _aCartografía
650 _aFotointerpretación
662 _aColombia
_cRío Magdalena
_bTolima
662 _aColombia
942 _cINFORME
_07
_2z
999 _c1663
_d1663